| Поле | Инд. | ПП | Название | Значение |
|---|---|---|---|---|
| Тип записи | a | |||
| Библиографический уровень | m | |||
| 001 | Контрольный номер | 14420fbc-3652-4778-874c-cc96788d475f | ||
| 005 | Дата корректировки | 20131111184950.7 | ||
| 008 | Кодируемые данные | 980505 d | ||
| 020 | a | ISBN | 5-86457-018-4 | |
| c | Цена, тираж | 28600.00 | ||
| 020 | a | ISBN | 5-56457-015-Х | |
| 080 | a | Индекс УДК | 53(075.8) | |
| 084 | a | Индекс другой классификации/Индекс ББК | В3я731-1 | |
| 090 | c | Каталожный индекс | В3я731-1 | |
| x | Авторский знак | С12 | ||
| a | Полочн. индекс | В3 | ||
| 100 | 1_ | a | Автор | Савельев Игорь Владимирович |
| 245 | 00 | a | Заглавие | Курс физики |
| n | Номер части/ раздела | Т. 1 | ||
| b | Продолж. заглавия | [Учебник : В 3 т.] | ||
| c | Ответственность | И.В. Савельев | ||
| 260 | 0_ | a | Место издания | СПб. |
| b | Издательство | Мифрил. Гл. ред. физ.-мат. лит. | ||
| c | Дата издания | 1996 | ||
| 300 | a | Объем | 304 с. | |
| b | Иллюстрации/ тип воспроизводства | ил. | ||
| 500 | a | Примечание | Имен., предм. указ.: с.297-304. | |
| 583 | a | Действие | Получение впервые 155 25.04.97 | |
| k | Исполнитель действия | Кол-тор г. Москвы | ||
| x | Служебное примечание | 846 | ||
| 650 | a | Основная рубрика | Физика | |
| x | Основная подрубрика | Учебники для вузов | ||
| 653 | a | Ключевые слова | Физика | |
| a | Ключевые слова | Учебники | ||
| 852 | t | Порядковый номер экземпляра | 10 | |
| p | Инвентарный номер | 681659 | ||
| p | Инвентарный номер | 681668 | ||
| p | Инвентарный номер | 681667 | ||
| p | Инвентарный номер | 681666 | ||
| p | Инвентарный номер | 681665 | ||
| p | Инвентарный номер | 681664 | ||
| p | Инвентарный номер | 681663 | ||
| p | Инвентарный номер | 681662 | ||
| p | Инвентарный номер | 681661 | ||
| p | Инвентарный номер | 681660 | ||
| 888 | a | Пред.оплата | ||
| 930 | a | Новая/Ретро | Учебники | |
| 952 | p | 155 28600.00 1 681659 | ||
| p | 155 28600.00 1 681660 | |||
| p | 155 28600.00 1 681661 | |||
| p | 155 28600.00 1 681662 | |||
| p | 155 28600.00 1 681663 | |||
| p | 155 28600.00 1 681664 | |||
| p | 155 28600.00 1 681665 | |||
| p | 155 28600.00 1 681666 | |||
| p | 155 28600.00 1 681667 | |||
| p | 155 28600.00 1 681668 | |||
| c | Вид литературы | К ру | ||
| 954 | a | Дата поступления на обработку | 28.04.97 | |
| 999 | a | Подразделение 2 | Фил3 |